000 01511nam a2200385 a 4500
003 AR-BaBNM
005 20251128204028.0
008 082120s2002 ||||||||||||||000 | spa||
020 _a0-88936-320-X
040 _cAR-BaBNM
111 2 _aSeminario sobre Investigación Preescolar
_cBogotá, Colombia
_9mayo 26-29
_d1981
245 0 0 _aEvitando el fracaso escolar
_brelación entre la educación preescolar y la primaria : informe
260 _aOttawa
_bInternational Development Research Centre
_c1983
300 _a184 p.
_bil., tablas
500 _aCIID: CENTRO INTERNACIONAL DE INVESTIGACIONES PARA EL DESARROLLO
500 _aEl CIID es una corporación pública creada en 1970 por el Parlamento de Canadá con el objeto de apoyar la investigación destinada a adaptar la ciencia y la tecnología a las necesidades de los países en desarrollo
504 _aContiene bibliografía al final de cada ponencia
650 4 _aPAISES EN DESARROLLO
650 4 _aDIFERENCIACION SOCIAL
650 4 _aDIFERENCIACION CULTURAL
650 4 _aNIÑOS DE EDAD PREESCOLAR
650 4 _aDESARROLLO COGNOSCITIVO
651 4 _aEstados Unidos
651 4 _aAmérica Latina
653 _aINVESTIGACION ACCION
653 _aEDUCACION INICIAL
653 _aFRACASO ESCOLAR
653 _aEDUCACION INICIAL
653 _aEDUCACION PRIMARIA
653 _aNIÑOS DE JARDIN DE INFANTES
700 1 _aKing, Kenneth
_eprologuista
700 1 _aMyers, Robert G.
_eprologuista
942 _cBK
998 _csilvi
999 _c5863
_d5863